MARC details
| 000 -CABECERA |
| campo de control de longitud fija |
01366nam a2200301 i 4500 |
| 001 - NÚMERO DE CONTROL |
| campo de control |
000027697 |
| 003 - IDENTIFICADOR DEL NÚMERO DE CONTROL |
| campo de control |
DO-SdBNP |
| 005 - FECHA Y HORA DE LA ÚLTIMA TRANSACCIÓN |
| campo de control |
20250724140831.0 |
| 007 - CAMPO FIJO DE DESCRIPCIÓN FÍSICA--INFORMACIÓN GENERAL |
| campo de control de longitud fija |
ta |
| 008 - DATOS DE LONGITUD FIJA--INFORMACIÓN GENERAL |
| campo de control de longitud fija |
110404s1946 ag 000 | spa d |
| 040 ## - FUENTE DE LA CATALOGACIÓN |
| Centro catalogador/agencia de origen |
DO-SdBNP |
| Lengua de catalogación |
spa |
| Centro/agencia transcriptor |
BNPHU |
| Normas de descripción |
rda |
| 041 ## - CÓDIGO DE LENGUA |
| Código de lengua del texto/banda sonora o título independiente |
spa |
| 082 #4 - NÚMERO DE LA CLASIFICACIÓN DECIMAL DEWEY |
| Número de clasificación |
940.3 |
| Número de documento/Ítem |
H519ó |
| Número de edición |
22 |
| 100 1# - ENTRADA PRINCIPAL--NOMBRE DE PERSONA |
| Nombre de persona |
Henríquez Ureña, Max, |
| Fechas asociadas al nombre |
1885-1968 |
| Término indicativo de función/relación |
autor |
| 9 (RLIN) |
2621 |
| 245 10 - MENCIÓN DE TÍTULO |
| Título |
Oratoria de dos guerras / |
| Mención de responsabilidad, etc. |
Max Henríquez Ureña. |
| 264 #4 - PRODUCCIÓN, PUBLICACIÓN, DISTRIBUCIÓN, FABRICACIÓN Y COPYRIGHT |
| Producción, publicación, distribución, fabricación y copyright |
Buenos Aires, Argentina : |
| Nombre del de productor, editor, distribuidor, fabricante |
Talleres Gráficos Americalee |
| Fecha de producción, publicación, distribución, fabricación o copyright |
1946. |
| 300 ## - DESCRIPCIÓN FÍSICA |
| Extensión |
59 páginas ; |
| Dimensiones |
20 cm. |
| 336 ## - TIPO DE CONTENIDO |
| Término de tipo de contenido |
texto |
| Código de tipo de contenido |
txt |
| Fuente |
rdacontent |
| 337 ## - TIPO DE MEDIO |
| Nombre/término del tipo de medio |
sin mediación |
| Código del tipo de medio |
n |
| Fuente |
rdamedia |
| 338 ## - TIPO DE SOPORTE |
| Nombre/término del tipo de soporte |
volumen |
| Código del tipo de soporte |
nc |
| Fuente |
rdacarrier |
| 505 ## - NOTA DE CONTENIDO CON FORMATO |
| Nota de contenido con formato |
1914-1918: Francia y el genio latino, 9 -- Bélgica y las pequeñas nacionalidades, 15 -- Bélgica ante América, 19-- Interludio: El continente de la esperanza, 25 -- 1939-1945: América ante la crisis mundial, 31 -- Presencia y síntesis de las guerra , 37 -- El legado de la cultura, 48 -- La tradición democrática del municipio, 51 -- La democracia, hija del libro, 55 Toque de Diana, 58, -- |
| 590 ## - NOTA LOCAL (RLIN) |
| Nota local |
Inventariado, 2024/DG |
| 600 10 - PUNTO DE ACCESO ADICIONAL DE MATERIA--NOMBRE DE PERSONA |
| Nombre de persona |
Henríquez Ureña, Max, |
| Fechas asociadas al nombre |
1885-1968 |
| 9 (RLIN) |
2621 |
| Subdivisión general |
Discursos |
| 650 #4 - PUNTO DE ACCESO ADICIONAL DE MATERIA--TÉRMINO DE MATERIA |
| Término de materia o nombre geográfico como elemento de entrada |
Discursos políticos |
| 9 (RLIN) |
10037 |
| 650 #4 - PUNTO DE ACCESO ADICIONAL DE MATERIA--TÉRMINO DE MATERIA |
| Término de materia o nombre geográfico como elemento de entrada |
Guerra Mundial, 1939-1945 |
| 9 (RLIN) |
13822 |
| Subdivisión general |
Discursos |
| 910 ## - DATOS DE OPCIÓN DEL USUARIO (OCLC) |
| Datos de opción del usuario |
DG/Validado. Control de Calidad/MAA |
| 942 ## - ELEMENTOS DE PUNTO DE ACCESO ADICIONAL (KOHA) |
| Fuente del sistema de clasificación o colocación |
Dewey Decimal Classification |
| Tipo de ítem Koha |
Libro |